La "Celestina" en Amato Lusitano : (Record no. 84804)

MARC details
000 -LEADER
campo de control de longitud fija 00904nam a2200217 i 4500
001 - NÚMERO DE CONTROL
campo de control 84804
003 - IDENTIFICADOR DE NÚMERO DE CONTROL
campo de control ES-MaACL
005 - FECHA Y HORA DE LA ÚLTIMA TRANSACCIÓN
campo de control 20250714235653.0
007 - CAMPO FIJO DE DESCRIPCIÓN FÍSICA--INFORMACIÓN GENERAL
campo de control de longitud fija t|
008 - DATOS DE LONGITUD FIJA--INFORMACIÓN GENERAL
campo de control de longitud fija 041124s1908 sp ||||1| spa d
100 1# - ENTRADA PRINCIPAL--NOMBRE DE PERSONA
Nombre de persona Jorge, Ricardo.
9 (RLIN) 66950
245 13 - MENCIÓN DEL TÍTULO
Título La "Celestina" en Amato Lusitano :
Resto del título contribución al estudio de la famosa comedia /
Mención de responsabilidad, etc. por Ricardo Jorge ; traducida directamente del portugués para la Revista "Nuevo tiempo" por el Dr. Federico Montaldo.
260 ## - PUBLICACIÓN, DISTRIBUCIÓN, ETC.
Lugar de publicación, distribución, etc. Madrid :
Nombre del editor, distribuidor, etc. [s.n.],
Fecha de publicación, distribución, etc. 1908 (
Fabricante Imp. Alemana)
300 ## - DESCRIPCIÓN FÍSICA
Extensión 13 p. ;
Dimensiones 23 cm.
530 ## - NOTA DISPONIBLE DE FORMULARIO FÍSICO ADICIONAL
Nota de formato físico adicional disponible Disponible en formato digital.
600 14 - PUNTO DE ACCESO ADICIONAL DE MATERIA--NOMBRE DE PERSONA
Nombre de persona Rojas, Fernando de,
Fechas asociadas al nombre ca. 1470-1541.
Título de la obra La Celestina
9 (RLIN) 99043
700 1# - ENTRADA AGREGADA--NOMBRE PERSONAL
Nombre de persona Montaldo y Peró, Federico,
Fechas asociadas al nombre 1859-1912
9 (RLIN) 82342
852 ## - LOCALIZACIÓN
Ubicación ES-MaACL
Número de control de estantería T-1174-F-3
856 ## - LOCALIZACIÓN Y ACCESO ELECTRÓNICOS
Identificador Uniforme de Recursos <a href="http://bdh-rd.bne.es/viewer.vm?id=0000144804&page=1 ">http://bdh-rd.bne.es/viewer.vm?id=0000144804&page=1 </a>
Nota pública Biblioteca Digital Hispánica
Holdings
Estatus retirado Estado de pérdida Estado de daño No para préstamo Colección Biblioteca de origen Biblioteca actual Ubicación en estantería Fecha de adquisición Fuente de adquisición Total de préstamos Signatura topográfica completa Código de barras Visto por última vez Precio de reemplazo Tipo de ítem Koha
        Colección de folletos Biblioteca del Ateneo de Madrid Biblioteca del Ateneo de Madrid Depósito folletos 17/01/2008     T-1174-F-3 1088625 23/02/2023 23/02/2023 Folleto